La teta asustada /

Fausta (Magaly Solier) padece de "La teta asustada", una enfermedad que se transmite por la leche materna de mujeres maltratadas durante la época del terrorismo en el Perú. Los infectados nacen sin alma, porque del susto se escondió en la tierra, y cargan un terror atávico que les aísla por completo...

Full description

Bibliographic Details
Other Authors: Welles, Orson dir
Format: VHS
Language:English
Published: Perú 2009
Subjects:

MARC

LEADER 00000cgm a2200000 a 4500
001 030707
003 UAHC_CL
005 20170803123240.0
008 111122b2004 xxu 000 eng
040 |a UAHC_CL  |c UAHC_CL  |d UAHC_CL 
245 1 3 |a La teta asustada /  |c Claudia Llosa. 
260 |a Perú  |c 2009 
300 |a 93 min. 
520 |a Fausta (Magaly Solier) padece de "La teta asustada", una enfermedad que se transmite por la leche materna de mujeres maltratadas durante la época del terrorismo en el Perú. Los infectados nacen sin alma, porque del susto se escondió en la tierra, y cargan un terror atávico que les aísla por completo. Pero Fausta esconde algo más; guarda un secreto que no quiere revelar, hasta que la súbita muerte de su madre desencadenará hechos inesperados que transformarán su vida y la de otros. Seleccionada por Perú como candidata al Oscar 2010 en la categoría de película de habla no inglesa. 
650 4 |a DRAMA 
700 1 |a Welles, Orson  |c dir. 
900 |a DVD-436 
942 |c VHS 
952 |0 0  |1 0  |4 0  |6 DVD_436  |7 0  |8 Referencia  |9 60068  |a BC  |b BC  |c Referencia  |d 2017-08-03  |l 3  |m 1  |o DVD-436  |p 1391596  |r 2023-04-27 00:00:00  |s 2023-04-20  |t 1  |w 2017-08-03  |y DVD 
952 |0 0  |1 0  |4 0  |6 DVD_436  |7 0  |8 Referencia  |9 60069  |a BS  |b BS  |c Referencia  |d 2017-08-03  |l 5  |m 4  |o DVD-436  |p 1391597  |r 2024-05-29 00:00:00  |s 2024-04-23  |t 1  |w 2017-08-03  |y DVD 
999 |c 30707  |d 30707